Geography Quiz

Random Geography or World Quiz

World's 10 Smallest Countries Quiz Stats

 Plays Quiz Updated Nov 23, 2014

Support Sporcle.
Go Orange.
Score 0/10 Timer 01:00
0 Plays Today
% Correct
Vatican City
93.9%
Monaco
84.1%
San Marino
82.7%
Nauru
68.9%
Liechtenstein
68.2%
Tuvalu
57.9%
Malta
53.5%
St. Kitts and Nevis
43.2%
Maldives
42.2%
Marshall Islands
36.8%

From the Vault

Word Wheels VIII

by hockeystix3

Wanna go for a spin?
Remove Ads.
Support Sporcle.
Get the best of Sporcle when you Go Orange. This ad-free experience offers more features, more stats, and more fun while also helping to support Sporcle. Thank you for becoming a member.

Show Comments

Extras

Top Quizzes Today


Score Distribution

Your Account Isn't Verified!

In order to create a playlist on Sporcle, you need to verify the email address you used during registration. Go to your Sporcle Settings to finish the process.

Report this User

Report this user for behavior that violates our Community Guidelines.

Details: